BIBLIOTHÈQUE DE LA MAISON DU MEXIQUE

Logo 1 Logo 2

Agricultura y sociedad en Mesoamérica (notice nᵒ 2938)

détails MARC
000 -Sello discográfico
campo de control de longitud fija 00898nam a2200301 4500
005 - Identificación de versión
campo de control 20251017062800.0
035 ## - Otros números de control del sistema
Número de control del sistema 24332
099 ## - fechas locales
Tipo de ítem Koha LIBRO
100 ## - Datos de procesamiento general
Datos de procesamiento general 19980303d1972 m y1spay5003 ba
105 ## - Campo de datos codificados: Material textual, monográfico
Datos codificados de monografía y 001zy
200 1# - Título y mención de responsabilidad
Título propio Agricultura y sociedad en Mesoamérica
Designación general del material texto impreso
Primer mención de responsabilidad Angel Palerm
205 ## - Declaración de edición
Declaración de edición 1a ed
210 ## - Publicación, distribución, etc.
Lugar de publicación, distribución, etc. México
Nombre del editor, distribuidor, etc. Secretaría de Educación Pública
Fecha de publicación, distribución, etc. 1972
215 ## - Descripción física
Designación de material específico y extensión del ítem 198 p
Dimensiones 17 cm
345 ## - Nota de información de adquisición
Fuente de adquisición/dirección de la suscripción [OBSOLETO] Donación
410 #1 - Series
Título SepSetentas
Número de volumen 55
606 ## - Término temático usado como materia
Elemento de entrada Agricultura
Subdivisión temática Aspectos económicos
Subdivisión geográfica México
Número Koha 1079
607 ## - Nombre geográfico utilizado como tema
Elemento de entrada México
Subdivisión temática Condiciones sociales
Número Koha 111
660 ## - Código de área geográfica
Código MX
700 ## - Nombre personal - Responsabilidad primaria
Elemento de entrada Palerm Vich
Parte del nombre distinta del elemento de entrada Angel
Fechas 1917-1980
Número Koha 3843
801 #0 - Fuente de origen
Agencia cm
900 ## -
-- 1/16295
900 ## -
-- 710987866\\030398
942 ## - ELEMENTOS DE ENTRADA SECUNDARIOS (KOHA)
Tipo de ítem Koha Livre
996 ## -
-- MEX
-- 751145101
-- MMAG
-- 001782
-- 082 S479 V.55
-- 20200722LIV
Exemplaires
Estatus retirado Estado de daño Estado de pérdida Fecha de adquisición Biblioteca de origen Biblioteca actual Ubicación en estantería Código de barras Precio de reemplazo Signatura topográfica completa No para préstamo Tipo de ítem Koha Nota pública Nota no pública
      05/08/2025 Casa México Paris Casa México Paris   001782 05/08/2025 082 S479 V.55   Livre 20200722LIV 751145101